=LDR 00000nam 2200000 4500 =001 INLIS000000000017320 =005 20130612112523 =008 ***********************************Ind** =035 ##$$0010-061300000017320 =041 ##$$a Ind =082 ##$$a 618.2 =090 ##$$a 618.2, Man m =100 ##$$a Manuba, Ida Bagus Gde =245 ##$$a Penuntun kepanitraan klinik abstrak dan ginekologi, Prof dr. Ida Bagus Gde Manuba, SP. OG =260 ##$$a 2004 $b Jakarta =300 ##$$a xi, 443 hlm, 21 cm =650 ##$$a Kebidanan, Ilmu =850 ##$$a NBPNMAT